| 000 | 00689nam a22001577a 4500 | ||
|---|---|---|---|
| 003 | OSt | ||
| 005 | 20151005152542.0 | ||
| 008 | 151005b xxu||||| |||| 00| 0 eng d | ||
| 040 | _cRUA | ||
| 082 | _aAVM CHU 2000 B071 Or.1 | ||
| 100 |
_92058 _aCHOUN, CHIVOAN. |
||
| 245 | _aTracer study of fasciolosis in cattle in saang district of kandal province, ការសិក្សាស្រាវជ្រាវរកពេេលវេលាឆ្លងជំងឺដែលបង្កដោយព្រូនហ្វាសូឡា នៅស្រុកស្អាង ខេត្ដកណ្ដាល | ||
| 260 |
_aPhnom Penh _bRUA _c2000 |
||
| 300 |
_a32p. _bill. _c29cm. |
||
| 942 |
_2ddc _cAVM |
||
| 999 |
_c1943 _d1943 |
||